000 00312nam a22001337a 4500
008 170717b xxu||||| |||| 00| 0 eng d
020 _a9780802139368
041 _aeng
080 _a2
100 _a24
101 _aTEO
245 _aTHE MIDDLE EAST AND ISLAMIC WORLD READER
_cGETTLEMAN, M.E
942 _2udc
_cBK
999 _c21360
_d21360